[Event "Vaujany op-A 8th"]
[Site "Vaujany"]
[Date "2017.07.19"]
[Round "7.20"]
[White "Bohli, Adam"]
[Black "Kantzer, Romain"]
[Result "0-1"]
[WhiteElo "1815"]
[BlackElo "1846"]
[PlyCount "34"]
[EventDate "2017.07.13"]
[EventType "swiss"]
[EventRounds "9"]
[EventCountry "FRA"]
[SourceTitle "EXT 2020"]
[Source "ChessBase"]
[SourceDate "2019.10.17"]
[SourceVersion "1"]
[SourceVersionDate "2019.10.17"]
[SourceQuality "1"]

1. e4 c5 2. Ne2 Nc6 3. Nbc3 d6 4. g3 Bg4 5. Bg2 Nd4 6. 0-0 Nf3+ 7. Kh1 Qd7 8. d3 h5 9. Bxf3 Bxf3+ 10. Kg1 Nf6 11. Nb1 Qg4 12. Re1 h4 13. Nd2 hxg3 14. fxg3 Rxh2 15. Kxh2 Qh5+ 16. Kg1 Qh1+ 17. Kf2 Ng4# 0-1